Statystyki dla Czyj to wers? (Polski freestyle)

Kliknij tutaj aby rozwiązać quiz!

Ogólne statystyki

  • Ten quiz został rozwiązany 681 razy
  • Średni wynik to 8 z 10

Statystyki odpowiedzi

HintOdpowiedź% Poprawnych
"Jesteś skrzyżowaniem chu*owego jurora z niespełnionym raperem."Filipek
97%
"Upokorzysz mnie publicznie, tak ku*wa tłuku. Po bitwie się pójdziesz popłakać na facebook'u."Bober
91%
"Tak mamo, ten pedofil Peus wyszedł na wolność."Ksywa
90%
"Jakie tu marne szanse, dzi*ka, karakan i pseudogangster."Wudo
88%
"Jego panna to herbata, bo ukradli jej torebkę."Edzio
86%
"Jestem z tych co nawijać lubią. Jedna szmata, a teraz złapcie drugą."Pueblos
84%
"A co to ku*wa Wudo, aerobik dla meneli?"Will Spliff
84%
"Fajna koszula, jak obrus synek. Podali do stołu, no to ku*wa go wpie*doliłem."Koro
80%
"Dzwonisz pod 997 więc przyjeżdżam. Dokładnie, to jest program Rider szuka męża."Syn Młynarza
61%
"Nie jestem raperem na jeden sezon. Załóż ze mną duet, po co ci Mezo?"Te-Tris
51%

Rozkład punktacji

Percentyl według liczby udzielonych odpowiedzi

Procent ludzi z każdym wynikiem

Twoja historia wyników

Nie rozwiązałeś tego quizu